000
00286nam a22001337a 4500
008
171227b xxu||||| |||| 00| 0 eng d
020
_a
9781853025778
041
_a
eng
080
_a
159.9
100
_a
40
101
_a
PSI
245
_a
ASPERGER SYNDROME
_c
WING.L
942
_2
udc
_c
BK
999
_c
39491
_d
39491